000 00843nam a2200265Ia 4500
003 OSt
005 20220918194424.0
006 a|||||r|||| 00| 0
007 ta
008 220917b |||||||| |||| 00| 0 eng d
024 _a79,346
037 _cTextual
040 _aARTS
_cARTS
_beng
041 _2eng
_aeng
082 _aS:1:4p1,n75, L6
110 _aYotts gap colloquium on the biology of Schizophrenia (Pennsylvania)
_984841
245 0 _aProceedings ed by Stewart Wolf and Beatrice Bishop Berle
260 _aN.Y
_bPlemum Press
_c1976
300 _axi,199p. illus
_ccm.
490 _aAdvances in beharioral biology; 19
650 _aPSYCHOLOGY
700 _aYotts gap colloquium on the biology of Schizophrenia (Pennsylvania)
_984842
942 _hS:1:4p1,n75, L6
_cTEXL
_2CC
999 _c203072
_d203072